| 000 | 01617nam0a2200385 i 4500 | ||
|---|---|---|---|
| 001 | RU\NLR\BIBL_A\011211787 | ||
| 005 | 20241103132659.0 | ||
| 010 |
_a9785699897667 _94000 |
||
| 021 |
_aRU _b2016-66251 _94240 |
||
| 035 | _a(NLR Aleph) 011211787 | ||
| 090 |
_a11976712 _c11976712 |
||
| 100 | _a20160913d2016 c y0rusy50 ca | ||
| 101 | 0 | _arus | |
| 102 | _aRU | ||
| 105 | _aa z 000yy | ||
| 200 | 1 |
_aОткуда берется ветер? _eудивительные опыты с воздухом _e[для младшего школьного возраста] _fC.В. Болушевский, В.Г. Зарапин, А.О. Караваева и др. |
|
| 210 |
_aМосква _cЭксмодетство _cЭксмо _d2016 |
||
| 215 |
_a95 с. _cцв. ил. _d26 |
||
| 225 | 1 | _aВзрослые опыты для детей | |
| 300 | _aНа обл. авт. не указаны | ||
| 333 | _a0+ | ||
| 606 |
_aФизический эксперимент _jИздания для детей _91312809 _3RU\NLR\AUTH\66228262 |
||
| 606 |
_aХимический эксперимент _jИздания для детей _92097580 _3RU\NLR\AUTH\661268988 |
||
| 686 | 0 |
_aШ9 _bГ |
|
| 686 | 0 |
_aШ9 _bВ3 |
|
| 700 | 1 |
_aБолушевский _bС. В. _gСергей Владимирович |
|
| 701 | 1 |
_aЗарапин _bВ. Г. _gВиталий Георгиевич |
|
| 701 | 1 |
_aКараваева _bА. О. _gАнна Олеговна |
|
| 942 | _cBOOK | ||
| 980 | _aNBR | ||